Derecho comercial.
Saved in:
| Main Author: | |
|---|---|
| Format: | Book |
| Language: | Spanish |
| Published: |
Santiago, Chile:
Universitaria,
1950.
|
| Series: | Colección Apuntes.
|
| Subjects: | |
| Tags: |
Add Tag
No Tags, Be the first to tag this record!
|
MARC
| LEADER | 00000nam a2200000 a 4500 | ||
|---|---|---|---|
| 001 | UCZ7903 | ||
| 003 | CL-VaPUC | ||
| 005 | 20241008162425.0 | ||
| 008 | 960112e19500000CL |||||||||||||||||spa|d | ||
| 999 | |c 243885 |d 243883 | ||
| 040 | |c Pontificia Universidad Católica de Valparaíso | ||
| 082 | 0 | 4 | |a 346.8307 VAR 1950 |2 21 |
| 100 | |a Varela Varela, Raúl |e autor |9 561500 | ||
| 245 | 1 | 0 | |a Derecho comercial. |
| 260 | |a Santiago, Chile: |b Universitaria, |c 1950. | ||
| 300 | |a 2 Tomos. | ||
| 490 | 0 | |a Colección Apuntes. | |
| 583 | |a last modification |c 20120319 12:33:21 |k Rodrigo Vera | ||
| 650 | 0 | |a Derecho comercial |9 256340 |v Fuentes e interpretación |z Chile | |
| 650 | 0 | |a Sociedades comerciales |9 257290 |x Legislación chilena | |
| 650 | 0 | |a Sociedades anónimas |9 255387 |x Administración y obligaciones |x Código del comercio | |
| 942 | |c BK |2 ddc | ||
| 945 | |d 19960112 00:00:00 |a mcarcey | ||
| 952 | |0 0 |1 0 |2 ddc |4 0 |6 346_830700000000000_VAR_1950 |7 0 |8 A |9 257727 |a BIBDER |b BIBDER |d 2019-11-19 |h t.I |i 3155447 |o 346.8307 VAR 1950 |p 3155447 |r 2023-01-25 |w 2019-11-19 |y BK |k DER | ||
| 952 | |0 0 |1 0 |2 ddc |4 0 |6 346_830700000000000_VAR_1950 |7 0 |8 A |9 257728 |a BIBDER |b BIBDER |d 2019-11-19 |h t.II |i 3155455 |o 346.8307 VAR 1950 |p 3155455 |r 2023-01-25 |w 2019-11-19 |y BK |k DER | ||